Les 50 marques les plus achetées en France (2018) - Statistiques

Statistiques générales
  • Ce quiz a été pris 229 fois
  • Le résultat moyen est 10 sur 50
Statistiques - réponses
Hint Réponse % Correct
4ème Coca Cola
68%
1er Herta
63%
5ème Panzani
49%
44 ème Nestlé
48%
27 ème Nutella
45%
6ème Cristaline
43%
21 ème Kinder
40%
3ème Président
36%
32 ème Haribo
35%
9ème Lustucru
32%
26 ème Barilla
30%
29 ème Lipton
30%
36 ème Yoplait
27%
17 ème Danette
26%
46 ème Lay's
25%
24 ème Charal
23%
20 ème Lindt
23%
30 ème Milka
22%
16 ème Amora
21%
2ème Fleury Michon
21%
8ème Bonduelle
18%
12 ème Bonne maman
18%
23 ème Lactel
18%
14 ème Andros
17%
35 ème Findus
17%
11ème La laitière
17%
19 ème Sodebo
17%
7ème Harrys
16%
25 ème Lotus
14%
33 ème Candia
13%
18 ème Activia
12%
43 ème Marie
12%
42 ème Tropicana
12%
15 ème Le gaulois
9%
45 ème Signal
9%
48 ème St Michel
9%
50 ème Ducros
8%
37 ème Tipiak
8%
34 ème Entremont
7%
39 ème Maggi
5%
31 ème Petit navire
5%
28 ème Soignon
4%
47 ème D'aucy
3%
13ème Elle&Vire
3%
38 ème Jacquet
3%
22 ème Knorr
3%
49 ème St hubert
3%
40 ème Bjorg
2%
10 ème Brioche Pasquier
2%
41 ème Paysans bretons
1%
Aucun quiz correspondant
Distribution des résultats
% des personnes avec chaque résultat
Percentile par nombre de réponses
Votre historique - résultats
Vous n’avez pas pris ce quiz